00500nam a2200193 a 4500001001300000003000900013005001700022008004100039020001000080082001500090100002500105245002400130260003500154300000900189500003500198505001500233650003300248700002500281nice12345678IN_TiNIC20260116012124.0050524s0000 newa grp 000 0 eng  ac10000a268.6bEHR aEhrensperger, Herold aConscience on Stage aNew YorkbAbingdon Pressc0000 a238p aincludes index and biblioraphy2 aGlo. Index aDrama in Christian Education1 aEhrensperger, Herold